<?xml version="1.0" encoding="UTF-8"?>
<record
    xmlns:xsi="http://www.w3.org/2001/XMLSchema-instance"
    xsi:schemaLocation="http://www.loc.gov/MARC21/slim http://www.loc.gov/standards/marcxml/schema/MARC21slim.xsd"
    xmlns="http://www.loc.gov/MARC21/slim">

  <leader>01042nam a22002417a 4500</leader>
  <controlfield tag="008">170729s2004        xxu||||| |||| 00| 0 eng d</controlfield>
  <datafield tag="020" ind1=" " ind2=" ">
    <subfield code="a">3775713956</subfield>
  </datafield>
  <datafield tag="082" ind1="0" ind2="4">
    <subfield code="a">708</subfield>
    <subfield code="b">V832m</subfield>
  </datafield>
  <datafield tag="100" ind1="1" ind2=" ">
    <subfield code="a">Viso, Olga M.</subfield>
    <subfield code="9">5868</subfield>
  </datafield>
  <datafield tag="245" ind1="1" ind2="3">
    <subfield code="a">Ana Mendieta :</subfield>
    <subfield code="b">earth body , sculpture and performance 1972-1985 /</subfield>
    <subfield code="c">Olga M. Viso.</subfield>
  </datafield>
  <datafield tag="250" ind1=" " ind2=" ">
    <subfield code="a">1a edici&#xF3;n.</subfield>
  </datafield>
  <datafield tag="260" ind1=" " ind2=" ">
    <subfield code="a">Estados Unidos :</subfield>
    <subfield code="b">Hirshhorn Museum and Sculpture Garden ; Hatje Cantz Publishers,</subfield>
    <subfield code="c">2004.</subfield>
  </datafield>
  <datafield tag="300" ind1=" " ind2=" ">
    <subfield code="a">286 p&#xE1;ginas :</subfield>
    <subfield code="b">ilustraciones en color.</subfield>
  </datafield>
  <datafield tag="505" ind1="0" ind2=" ">
    <subfield code="t">Foreword </subfield>
    <subfield code="r">Ned Rifkin.</subfield>
    <subfield code="t">Acknowledgments </subfield>
    <subfield code="r">Olga M. Viso.</subfield>
    <subfield code="t">The memory of history</subfield>
    <subfield code="r">Olga M. Viso.</subfield>
    <subfield code="t">Ana Mendieta's lowa years 1970-1980</subfield>
    <subfield code="r">Julia P. Herzberg.</subfield>
    <subfield code="t">One energy</subfield>
    <subfield code="r">Guy Brett.</subfield>
    <subfield code="t">Subtle bodies: the invisible films of Ana Mendieta</subfield>
    <subfield code="r">Chrissie Iles.</subfield>
    <subfield code="t">Ana Mendieta: a life in context</subfield>
    <subfield code="r">Laura Roulet.</subfield>
  </datafield>
  <datafield tag="653" ind1="1" ind2="0">
    <subfield code="a">Arte contempor&#xE1;neo</subfield>
  </datafield>
  <datafield tag="653" ind1="1" ind2="0">
    <subfield code="a">Cat&#xE1;logo de exhibici&#xF3;n</subfield>
  </datafield>
  <datafield tag="653" ind1="1" ind2="0">
    <subfield code="a">Exhibiciones</subfield>
  </datafield>
  <datafield tag="653" ind1="1" ind2="0">
    <subfield code="a">Arte - Cuba</subfield>
  </datafield>
  <datafield tag="653" ind1="1" ind2="0">
    <subfield code="a">Artistas cubanos</subfield>
  </datafield>
  <datafield tag="653" ind1="1" ind2="0">
    <subfield code="a">Performance</subfield>
  </datafield>
  <datafield tag="653" ind1="1" ind2="0">
    <subfield code="a">Escultura</subfield>
  </datafield>
  <datafield tag="653" ind1="1" ind2="0">
    <subfield code="a">Videoarte</subfield>
  </datafield>
  <datafield tag="999" ind1=" " ind2=" ">
    <subfield code="c">1231</subfield>
    <subfield code="d">1231</subfield>
  </datafield>
  <datafield tag="952" ind1=" " ind2=" ">
    <subfield code="0">0</subfield>
    <subfield code="1">0</subfield>
    <subfield code="2">ddc</subfield>
    <subfield code="4">0</subfield>
    <subfield code="7">0</subfield>
    <subfield code="a">LV</subfield>
    <subfield code="b">LV</subfield>
    <subfield code="c">Monograf&#xED;as</subfield>
    <subfield code="d">2017-07-29</subfield>
    <subfield code="l">0</subfield>
    <subfield code="o">708 V832m</subfield>
    <subfield code="p">000160</subfield>
    <subfield code="r">2017-07-29 00:00:00</subfield>
    <subfield code="w">2017-07-29</subfield>
    <subfield code="y">01</subfield>
  </datafield>
</record>
